[Event "Ahuntsic"]
[Site "Montreal CAN"]
[Date "2013.04.07"]
[Round "1"]
[White "Bolduc, Steve"]
[Black "Gilniat, Geoffrey"]
[Result "1-0"]
[WhiteElo "2041"]
[BlackElo "1840"]
[PlyCount "77"]
[GameId "2160767909364633"]
[EventDate "2013.04.07"]
[EventType "swiss (rapid)"]
[EventRounds "5"]
[EventCountry "CAN"]

1. d4 Nf6 2. c4 e5 3. dxe5 Ng4 4. Nf3 Nc6 5. Bf4 Bb4+ 6. Nc3 Bxc3+ 7. bxc3 Qe7 8. Qd5 f6 9. exf6 Nxf6 10. Qd3 d6 11. e3 O-O 12. Be2 Na5 13. Nd4 Ne4 14. O-O Nc5 15. Qc2 Be6 16. Nxe6 Qxe6 17. Rad1 Nxc4 18. Bf3 Nb6 19. Rd4 Rae8 20. Bg3 Qf5 21. Qc1 Ne6 22. Rh4 Nc5 23. Rd1 Ne4 24. Rd4 Nxg3 25. hxg3 Qa5 26. Qc2 h6 27. Bxb7 Re5 28. Rdg4 Rf6 29. Rf4 Rxf4 30. Rxf4 Nd5 31. Qb3 Kh7 32. Ra4 Qc5 33. Rc4 Qa5 34. e4 Nf6 35. f3 Rb5 36. Rb4 Qb6+ 37. Kf1 a6 38. Rxb5 axb5 39. Bc8 1-0

[Event "Ahuntsic"]
[Site "Montreal CAN"]
[Date "2013.04.07"]
[Round "4"]
[White "Guo, Forest"]
[Black "Bolduc, Steve"]
[Result "0-1"]
[WhiteElo "1751"]
[BlackElo "2041"]
[PlyCount "89"]
[GameId "2160767909364636"]
[EventDate "2013.04.07"]
[EventType "swiss (rapid)"]
[EventRounds "5"]
[EventCountry "CAN"]

1. e4 c5 2. Nf3 Nc6 3. Bb5 g6 4. Bxc6 dxc6 5. d3 Bg7 6. O-O e5 7. Nbd2 Qc7 8. b3 Nh6 9. Bb2 f6 10. h3 Nf7 11. Nh2 Nd8 12. Ng4 h5 13. Ne3 Ne6 14. a4 Bd7 15. Ndc4 Nf4 16. Ba3 b6 17. Re1 Be6 18. b4 cxb4 19. Bxb4 c5 20. Bc3 Rd8 21. Qb1 O-O 22. a5 Rb8 23. axb6 axb6 24. Nf1 b5 25. Nce3 b4 26. Bd2 b3 27. Nc4 Bxc4 28. dxc4 b2 29. Ra2 Qb7 30. Bc3 f5 31. Rxb2 Qa8 32. Rxb8 Rxb8 33. Qd1 fxe4 34. Ne3 Rd8 35. Qb1 Qa3 36. Qb2 Qxb2 37. Bxb2 Rd2 38. Kf1 Ne6 39. Bc3 Rd6 40. Nd5 Nd4 41. Rxe4 Kf7 42. f3 g5 43. Kf2 Ra6 44. Re1 Ra2 45. Rc1 0-1

[Event "Ahuntsic"]
[Site "Montreal CAN"]
[Date "2013.04.07"]
[Round "5"]
[White "Bolduc, Steve"]
[Black "Sun, Mike"]
[Result "1-0"]
[WhiteElo "2041"]
[BlackElo "1869"]
[PlyCount "49"]
[GameId "2160767909364637"]
[EventDate "2013.04.07"]
[EventType "swiss (rapid)"]
[EventRounds "5"]
[EventCountry "CAN"]

1. d4 g6 2. e4 Bg7 3. Nc3 c5 4. dxc5 Bxc3+ 5. bxc3 Qa5 6. Bd2 Qxc5 7. Bd3 Nf6 8. Ne2 O-O 9. Rb1 d6 10. Rb5 Qc7 11. h4 Bd7 12. Rg5 Bc6 13. Ng3 d5 14. e5 Ne4 15. Bxe4 dxe4 16. h5 f6 17. hxg6 fxg5 18. Qh5 e6 19. Qxg5 hxg6 20. Rh6 Rf7 21. Nh5 Rf5 22. Qxg6+ Kf8 23. Rh8+ Ke7 24. Qg7+ Rf7 25. Bg5+ 1-0

[Event "Alberta-ch U20"]
[Site "Calgary CAN"]
[Date "2013.11.09"]
[Round "1"]
[White "Shi, Diwen"]
[Black "Tolentino, Patrick Angelo"]
[Result "1-0"]
[WhiteElo "2143"]
[BlackElo "1466"]
[PlyCount "121"]
[GameId "2160767909216556"]
[EventDate "2013.11.09"]
[EventType "tourn"]
[EventRounds "5"]
[EventCountry "CAN"]
[SourceTitle "EXT 2022"]
[Source "ChessBase"]
[SourceDate "2021.10.06"]
[SourceVersion "1"]
[SourceVersionDate "2021.10.06"]
[SourceQuality "1"]

1. e4 d6 2. d4 Nf6 3. Nc3 g6 4. f3 Bg7 5. Be3 O-O 6. Qd2 Nbd7 7. h4 h5 8. O-O-O a6 9. Bh6 e5 10. d5 b5 11. Be2 Nc5 12. Bxg7 Kxg7 13. Nh3 b4 14. Nb1 Rb8 15. Qe3 Qe8 16. Nf2 Qa4 17. Bc4 a5 18. Qe2 Qe8 19. g4 a4 20. Nd2 Bd7 21. Rdg1 Qc8 22. Rg2 Qb7 23. f4 Bxg4 24. Nxg4 Nxg4 25. f5 Qc8 26. Rxg4 hxg4 27. Qxg4 Rh8 28. h5 Rh6 29. Rg1 Qe8 30. Qg5 f6 31. Qg4 g5 32. Rh1 Ra8 33. Kb1 Ra5 34. Rh3 Nd7 35. Be2 Nb6 36. Nf3 Kf7 37. Rg3 Qe7 38. Qh3 Nd7 39. Nh2 Qf8 40. Ng4 Rh7 41. h6 Ke7 42. Qh5 Qf7 43. Qh2 Nc5 44. Nf2 Qf8 45. Rh3 Ra7 46. Qh1 Rb7 47. Bd1 Rb6 48. Ng4 Nb7 49. Qg2 Qe8 50. Ne3 Na5 51. Bh5 Qf8 52. Ng4 b3 53. cxb3 axb3 54. a3 c6 55. Bg6 Rh8 56. Qg1 c5 57. h7 Qg7 58. Nh6 Rxh7 59. Bxh7 Qxh7 60. Qh2 Rb7 61. Ng4 1-0

[Event "Alberta-ch U20"]
[Site "Calgary CAN"]
[Date "2013.11.09"]
[Round "1"]
[White "Yao, David"]
[Black "Miller, David"]
[Result "0-1"]
[WhiteElo "1607"]
[BlackElo "2054"]
[PlyCount "68"]
[GameId "2160767909216558"]
[EventDate "2013.11.09"]
[EventType "tourn"]
[EventRounds "5"]
[EventCountry "CAN"]
[SourceTitle "EXT 2022"]
[Source "ChessBase"]
[SourceDate "2021.10.06"]
[SourceVersion "1"]
[SourceVersionDate "2021.10.06"]
[SourceQuality "1"]

1. d4 Nf6 2. Nf3 g6 3. g3 Bg7 4. Bg2 O-O 5. O-O d6 6. c3 Nbd7 7. Nbd2 c6 8. Re1 Qc7 9. e4 e5 10. Nb3 a5 11. a4 exd4 12. Nfxd4 Re8 13. Bf4 Ne5 14. Bxe5 dxe5 15. Nf3 Bf8 16. Qc2 Nd7 17. Rad1 Nc5 18. Nfd2 Nxa4 19. Nc4 b5 20. Ncxa5 Rxa5 21. Nxa5 Qxa5 22. Ra1 Qb6 23. Ra2 Be6 24. b3 Nc5 25. c4 Nxb3 26. Qxb3 Bxc4 27. Qb2 Bxa2 28. Qxa2 Bb4 29. Rd1 Rd8 30. Rxd8+ Qxd8 31. Qa6 Qd6 32. Qc8+ Kg7 33. Qb7 Bc5 34. Bf1 Qd4 0-1

[Event "Alberta-ch U20"]
[Site "Calgary CAN"]
[Date "2013.11.09"]
[Round "2"]
[White "Yao, David"]
[Black "Shi, Diwen"]
[Result "0-1"]
[WhiteElo "1607"]
[BlackElo "2143"]
[PlyCount "26"]
[GameId "2160767909216561"]
[EventDate "2013.11.09"]
[EventType "tourn"]
[EventRounds "5"]
[EventCountry "CAN"]
[SourceTitle "EXT 2022"]
[Source "ChessBase"]
[SourceDate "2021.10.06"]
[SourceVersion "1"]
[SourceVersionDate "2021.10.06"]
[SourceQuality "1"]

1. e4 c5 2. Nf3 d6 3. d4 cxd4 4. Nxd4 Nf6 5. Nc3 g6 6. Be3 Bg7 7. g3 Nc6 8. Bg2 Bd7 9. Qd2 O-O 10. O-O Ne5 11. f4 Nc4 12. Qc1 Ng4 13. Nd5 Ngxe3 0-1

[Event "Alberta-ch U20"]
[Site "Calgary CAN"]
[Date "2013.11.09"]
[Round "3"]
[White "Shi, Diwen"]
[Black "Miller, David"]
[Result "1/2-1/2"]
[WhiteElo "2143"]
[BlackElo "2062"]
[PlyCount "65"]
[GameId "2160767909216562"]
[EventDate "2013.11.09"]
[EventType "tourn"]
[EventRounds "5"]
[EventCountry "CAN"]
[SourceTitle "EXT 2022"]
[Source "ChessBase"]
[SourceDate "2021.10.06"]
[SourceVersion "1"]
[SourceVersionDate "2021.10.06"]
[SourceQuality "1"]

1. e4 c5 2. Nf3 d6 3. d4 cxd4 4. Nxd4 Nf6 5. Nc3 a6 6. Be3 e5 7. Nb3 Be6 8. Qd2 b5 9. f3 Nbd7 10. a4 b4 11. Nd5 Bxd5 12. exd5 Nb6 13. Bxb6 Qxb6 14. a5 Qb7 15. Bc4 Be7 16. O-O O-O 17. Ra4 Rfb8 18. Re1 Nd7 19. Raa1 Rc8 20. Bd3 Nc5 21. Nxc5 Rxc5 22. Re4 Rxa5 23. Rxa5 Qb6+ 24. Kf1 Qxa5 25. Rxb4 Bd8 26. c3 Bb6 27. Rc4 Rb8 28. b4 Qa1+ 29. Qe1 Qa2 30. Qe2 Qa1+ 31. Qe1 Qa2 32. Qe2 Qa1+ 33. Qe1 1/2-1/2

[Event "Alberta-ch U20"]
[Site "Calgary CAN"]
[Date "2013.11.09"]
[Round "3"]
[White "Wang, Harris"]
[Black "Tolentino, Patrick Angelo"]
[Result "1-0"]
[WhiteElo "1863"]
[BlackElo "1466"]
[PlyCount "125"]
[GameId "2160767909216563"]
[EventDate "2013.11.09"]
[EventType "tourn"]
[EventRounds "5"]
[EventCountry "CAN"]
[SourceTitle "EXT 2022"]
[Source "ChessBase"]
[SourceDate "2021.10.06"]
[SourceVersion "1"]
[SourceVersionDate "2021.10.06"]
[SourceQuality "1"]

1. e4 d6 2. Nc3 Nf6 3. d3 g6 4. g3 Bg7 5. Bg2 O-O 6. h3 e5 7. Be3 Nc6 8. Qd2 Bd7 9. Bh6 Nd4 10. Bxg7 Kxg7 11. Nd1 c6 12. Ne3 b5 13. c3 Ne6 14. Ne2 Qc8 15. O-O Nc5 16. g4 h5 17. b4 Na4 18. g5 Nh7 19. h4 Bh3 20. f4 Bxg2 21. Kxg2 f6 22. f5 fxg5 23. fxg6 Kxg6 24. Nf5 Qd7 25. Neg3 d5 26. hxg5 dxe4 27. Nh4+ Kg7 28. g6 Qg4 29. gxh7 Qxh4 30. Rf5 Qd8 31. h8=Q+ Rxh8 32. Nxh5+ Kg8 33. Rg5+ Kf7 34. Rf1+ Ke6 35. Rg6+ Kd7 36. dxe4+ Kc7 37. Rf7+ Kb6 38. Qe3+ Ka6 39. Rxc6+ Nb6 40. Ng3 Rc8 41. Rcf6 Rc7 42. c4 Rxf7 43. cxb5+ Kb7 44. Rxf7+ Kb8 45. Qc5 Qd2+ 46. Rf2 Qg5 47. Qd6+ Ka8 48. Rf7 Qc1 49. Qc6+ Qxc6 50. bxc6 Rc8 51. Rf6 Kb8 52. Nf5 Kc7 53. Rf7+ Kb8 54. b5 Nc4 55. Kf3 Rd8 56. c7+ Kc8 57. cxd8=Q+ Kxd8 58. Rxa7 Nb6 59. Re7 Nc4 60. b6 Nd2+ 61. Ke2 Nb1 62. b7 Nc3+ 63. Ke1 1-0

[Event "Alberta-ch U20"]
[Site "Calgary CAN"]
[Date "2013.11.10"]
[Round "4"]
[White "Miller, David"]
[Black "Tolentino, Patrick Angelo"]
[Result "0-1"]
[WhiteElo "2054"]
[BlackElo "1466"]
[PlyCount "86"]
[GameId "2160767909216565"]
[EventDate "2013.11.09"]
[EventType "tourn"]
[EventRounds "5"]
[EventCountry "CAN"]
[SourceTitle "EXT 2022"]
[Source "ChessBase"]
[SourceDate "2021.10.06"]
[SourceVersion "1"]
[SourceVersionDate "2021.10.06"]
[SourceQuality "1"]

1. d4 Nf6 2. c4 g6 3. Nc3 Bg7 4. e4 d6 5. Be2 c5 6. d5 O-O 7. Bg5 Nbd7 8. Qd2 Qa5 9. O-O-O a6 10. a3 Rb8 11. f3 b5 12. cxb5 axb5 13. Nxb5 Rxb5 14. Bxb5 Qxb5 15. Ne2 Ba6 16. Nc3 Qb7 17. f4 Rb8 18. Rhe1 Nb6 19. Qc2 Nc4 20. e5 dxe5 21. fxe5 Nd7 22. Bxe7 Bxe5 23. g3 Qxb2+ 24. Qxb2 Nxb2 25. Ne4 Nxd1 26. Kxd1 Rb1+ 27. Kd2 Rxe1 28. Kxe1 Bb7 29. Nxc5 Nxc5 30. Bxc5 Bxd5 31. Kf2 Kg7 32. a4 Kf6 33. a5 Ke6 34. a6 Ba8 35. h4 h5 36. a7 Kd5 37. Be7 Bd4+ 38. Kg2 Ke6+ 39. Kh3 Kxe7 40. g4 hxg4+ 41. Kxg4 Bxa7 42. Kf4 Bf2 43. Kg5 Bxh4+ 0-1

[Event "Alberta-ch U20"]
[Site "Calgary CAN"]
[Date "2013.11.10"]
[Round "4"]
[White "Yao, David"]
[Black "Wang, Harris"]
[Result "0-1"]
[WhiteElo "1607"]
[BlackElo "1863"]
[PlyCount "68"]
[GameId "2160767909216567"]
[EventDate "2013.11.09"]
[EventType "tourn"]
[EventRounds "5"]
[EventCountry "CAN"]
[SourceTitle "EXT 2022"]
[Source "ChessBase"]
[SourceDate "2021.10.06"]
[SourceVersion "1"]
[SourceVersionDate "2021.10.06"]
[SourceQuality "1"]

1. e4 c5 2. Nf3 g6 3. d4 Bg7 4. c3 b6 5. Be3 Qc7 6. Nbd2 Bb7 7. Bd3 Nf6 8. Qe2 O-O 9. O-O d5 10. exd5 Nxd5 11. c4 Nxe3 12. fxe3 Nd7 13. Be4 Rad8 14. Bxb7 Qxb7 15. Nb3 Qc7 16. Rad1 Rc8 17. d5 Ne5 18. Nbd2 a6 19. b3 Qd7 20. Nxe5 Bxe5 21. Nf3 Bg7 22. Rd3 b5 23. Rfd1 bxc4 24. bxc4 Qa4 25. Rb3 Rb8 26. Rdb1 Rxb3 27. Rxb3 e6 28. dxe6 fxe6 29. Rb6 e5 30. e4 Qa3 31. Qd2 Kh8 32. Rd6 Qa4 33. Rd8 Qxc4 34. Nxe5 Qf1# 0-1

[Event "Alberta-ch U20"]
[Site "Calgary CAN"]
[Date "2013.11.10"]
[Round "5"]
[White "Tolentino, Patrick Angelo"]
[Black "Yao, David"]
[Result "1/2-1/2"]
[WhiteElo "1466"]
[BlackElo "1607"]
[PlyCount "91"]
[GameId "2160767909216568"]
[EventDate "2013.11.09"]
[EventType "tourn"]
[EventRounds "5"]
[EventCountry "CAN"]
[SourceTitle "EXT 2022"]
[Source "ChessBase"]
[SourceDate "2021.10.06"]
[SourceVersion "1"]
[SourceVersionDate "2021.10.06"]
[SourceQuality "1"]

1. Nf3 Nf6 2. g3 g6 3. Bg2 Bg7 4. O-O O-O 5. d3 d6 6. e4 e5 7. Nc3 Be6 8. Ne1 c6 9. f4 exf4 10. Bxf4 Nh5 11. Be3 d5 12. exd5 cxd5 13. d4 Nc6 14. Qd2 Qd7 15. Bh6 Bxd4+ 16. Kh1 Bg7 17. Bxg7 Kxg7 18. Rd1 d4 19. Ne2 Rad8 20. Nf3 Bc4 21. b3 Bxe2 22. Qxe2 Rfe8 23. Qc4 Qe6 24. Qc5 Qd5 25. Qxd5 Rxd5 26. c3 Ra5 27. Nxd4 Rxa2 28. Nxc6 bxc6 29. Rd7 Nf6 30. Rd6 Ree2 31. Bxc6 Rxh2+ 32. Kg1 Nh5 33. Rd3 f5 34. c4 Nf6 35. Bh1 Ne4 36. Bxe4 fxe4 37. Rd7+ Kh6 38. Re1 Rag2+ 39. Kf1 Rf2+ 40. Kg1 Rhg2+ 41. Kh1 Rxg3 42. Rxe4 Kg5 43. Rxa7 Rgg2 44. Rxh7 Rg3 45. Rd7 Rxb3 46. Re1 1/2-1/2

[Event "Alberta-ch U20"]
[Site "Calgary CAN"]
[Date "2013.11.10"]
[Round "5"]
[White "Wang, Harris"]
[Black "Shi, Diwen"]
[Result "0-1"]
[WhiteElo "1863"]
[BlackElo "2143"]
[PlyCount "46"]
[GameId "2160767909216569"]
[EventDate "2013.11.09"]
[EventType "tourn"]
[EventRounds "5"]
[EventCountry "CAN"]
[SourceTitle "EXT 2022"]
[Source "ChessBase"]
[SourceDate "2021.10.06"]
[SourceVersion "1"]
[SourceVersionDate "2021.10.06"]
[SourceQuality "1"]

1. e4 c5 2. Nc3 Nc6 3. d3 g6 4. Be3 d6 5. g3 Bg7 6. Bg2 Nf6 7. h3 Rb8 8. Qd2 O-O 9. Bh6 b5 10. Bxg7 Kxg7 11. f4 b4 12. Nd1 Qc7 13. Ne2 a5 14. O-O Ba6 15. f5 c4 16. d4 c3 17. bxc3 Bxe2 18. Qxe2 bxc3 19. Qf2 Rb4 20. Nxc3 Nxd4 21. fxg6 Qxc3 22. gxh7 Qxc2 23. Qe3 Rb2 0-1

[Event "Alberta-ch U20 op"]
[Site "Calgary CAN"]
[Date "2013.11.09"]
[Round "1.1"]
[White "Wu, Chenxi"]
[Black "Mah, Sean"]
[Result "1-0"]
[WhiteElo "1741"]
[BlackElo "1514"]
[PlyCount "93"]
[GameId "2160767909216571"]
[EventDate "2013.11.09"]
[EventType "swiss"]
[EventRounds "5"]
[EventCountry "CAN"]
[SourceTitle "EXT 2022"]
[Source "ChessBase"]
[SourceDate "2021.10.06"]
[SourceVersion "1"]
[SourceVersionDate "2021.10.06"]
[SourceQuality "1"]

1. e4 e5 2. Nf3 Nc6 3. Nc3 Nf6 4. Bb5 a6 5. Bxc6 dxc6 6. Nxe5 Bd6 7. Nf3 O-O 8. O-O Re8 9. Re1 Bg4 10. d3 Bc5 11. Bg5 h6 12. Bh4 g5 13. Bg3 h5 14. h3 Bxf3 15. Qxf3 h4 16. Bh2 Qd7 17. Qxf6 Re6 18. Qxg5+ Rg6 19. Qf5 Qd4 20. Ne2 Qg7 21. Nf4 Rg5 22. Nh5 Rxf5 23. Nxg7 Rxf2 24. Kh1 Kxg7 25. Rac1 Bb6 26. Rf1 Rxf1+ 27. Rxf1 Rf8 28. Be5+ f6 29. Bc3 Kg6 30. Be1 Kh5 31. Rf5+ Kg6 32. Bxh4 Rh8 33. Bxf6 Rf8 34. Bc3 Rxf5 35. exf5+ Kxf5 36. g4+ Kg5 37. Kg2 Bc5 38. Be5 Be7 39. Bxc7 Kh4 40. Bg3+ Kg5 41. Kf3 Kg6 42. h4 Kh6 43. Bf4+ Kg6 44. h5+ Kh7 45. Ke4 Kg7 46. Kf5 Kh7 47. g5 1-0

[Event "Alberta-ch U20 op"]
[Site "Calgary CAN"]
[Date "2013.11.09"]
[Round "1.2"]
[White "Buan, Jazer"]
[Black "Bulga, Tamir"]
[Result "0-1"]
[WhiteElo "1363"]
[BlackElo "1598"]
[PlyCount "60"]
[GameId "2160767909216572"]
[EventDate "2013.11.09"]
[EventType "swiss"]
[EventRounds "5"]
[EventCountry "CAN"]
[SourceTitle "EXT 2022"]
[Source "ChessBase"]
[SourceDate "2021.10.06"]
[SourceVersion "1"]
[SourceVersionDate "2021.10.06"]
[SourceQuality "1"]

1. e4 e6 2. d4 d5 3. exd5 exd5 4. Nf3 Bd6 5. Nc3 c6 6. Bd3 Nf6 7. O-O O-O 8. Bd2 Bg4 9. Be2 Nbd7 10. h3 Bf5 11. Be3 Re8 12. Qd2 Bb4 13. a3 Ne4 14. Qe1 Bxc3 15. bxc3 Ng3 16. fxg3 Rxe3 17. Qd2 Re7 18. Nh4 Be4 19. Bf3 Nf6 20. Rfe1 Qc7 21. Qf2 Rae8 22. Re2 g5 23. Bxe4 Nxe4 24. Qf3 gxh4 25. gxh4 Qg3 26. Qxg3+ Nxg3 27. Rxe7 Rxe7 28. Rb1 b6 29. Kh2 Ne2 30. Re1 Kf8 0-1

[Event "Alberta-ch U20 op"]
[Site "Calgary CAN"]
[Date "2013.11.09"]
[Round "1.4"]
[White "Koneru, Nimai"]
[Black "Wang, Jeff"]
[Result "1/2-1/2"]
[WhiteElo "1247"]
[BlackElo "1470"]
[PlyCount "55"]
[GameId "2160767909216574"]
[EventDate "2013.11.09"]
[EventType "swiss"]
[EventRounds "5"]
[EventCountry "CAN"]
[SourceTitle "EXT 2022"]
[Source "ChessBase"]
[SourceDate "2021.10.06"]
[SourceVersion "1"]
[SourceVersionDate "2021.10.06"]
[SourceQuality "1"]

1. Nf3 c5 2. c4 Nc6 3. g3 g6 4. Bg2 Bg7 5. Nc3 e5 6. O-O Nge7 7. d3 O-O 8. Bd2 d6 9. e4 h6 10. Re1 Bg4 11. h3 Be6 12. Nd5 Qd7 13. Rc1 Bxh3 14. Bxh6 Nxd5 15. Bxg7 Kxg7 16. cxd5 Nd4 17. Nxd4 cxd4 18. Bf3 Rh8 19. Kh2 Bg4+ 20. Kg2 Bxf3+ 21. Qxf3 Qh3+ 22. Kg1 Qh2+ 23. Kf1 Qh1+ 24. Ke2 Qxf3+ 25. Kxf3 Rac8 26. a3 a6 27. b4 b5 28. g4 1/2-1/2

[Event "Alberta-ch U20 op"]
[Site "Calgary CAN"]
[Date "2013.11.09"]
[Round "2.1"]
[White "Li, Zeling"]
[Black "Wu, Chenxi"]
[Result "0-1"]
[WhiteElo "1220"]
[BlackElo "1741"]
[PlyCount "68"]
[GameId "2160767909216575"]
[EventDate "2013.11.09"]
[EventType "swiss"]
[EventRounds "5"]
[EventCountry "CAN"]
[SourceTitle "EXT 2022"]
[Source "ChessBase"]
[SourceDate "2021.10.06"]
[SourceVersion "1"]
[SourceVersionDate "2021.10.06"]
[SourceQuality "1"]

1. e4 c5 2. Nf3 d6 3. d4 cxd4 4. Nxd4 g6 5. Bc4 Bg7 6. b3 Nc6 7. Bb2 Qb6 8. c3 Nf6 9. O-O Nxe4 10. Nxc6 bxc6 11. Re1 Qxf2+ 12. Kh1 d5 13. Be2 O-O 14. Rf1 Qe3 15. Qe1 e5 16. Rf3 Qb6 17. Bd3 Nc5 18. c4 e4 19. Bxg7 Kxg7 20. Qc3+ Kg8 21. Bxe4 Nxe4 22. Qe3 Qxe3 23. Rxe3 Bf5 24. Na3 h5 25. Rd1 Nf2+ 26. Kg1 Nxd1 27. Re1 Nc3 28. Rc1 Ne2+ 29. Kf1 Nxc1 30. b4 Rfe8 31. cxd5 Nd3 32. Nc2 Re5 33. dxc6 Rae8 34. g3 Bh3+ 0-1

[Event "Alberta-ch U20 op"]
[Site "Calgary CAN"]
[Date "2013.11.09"]
[Round "2.2"]
[White "Bulga, Tamir"]
[Black "Tolentino, Andre Angelo"]
[Result "1/2-1/2"]
[WhiteElo "1598"]
[BlackElo "1486"]
[PlyCount "72"]
[GameId "2160767909216576"]
[EventDate "2013.11.09"]
[EventType "swiss"]
[EventRounds "5"]
[EventCountry "CAN"]
[SourceTitle "EXT 2022"]
[Source "ChessBase"]
[SourceDate "2021.10.06"]
[SourceVersion "1"]
[SourceVersionDate "2021.10.06"]
[SourceQuality "1"]

1. e4 e6 2. d4 d5 3. exd5 exd5 4. Bd3 Bd6 5. Nf3 Nf6 6. Bg5 h6 7. Bh4 O-O 8. O-O c6 9. Nbd2 Bg4 10. c3 Nbd7 11. Qc2 Qc7 12. Bg3 Bxg3 13. fxg3 Rae8 14. Rae1 Rxe1 15. Rxe1 Re8 16. Rxe8+ Nxe8 17. Nh4 g5 18. Bh7+ Kh8 19. Nf5 Bxf5 20. Bxf5 Nd6 21. Nf1 Nf6 22. Ne3 Qe7 23. Qf2 Nde4 24. Bxe4 Nxe4 25. Qe2 Qf6 26. Qf3 Kg7 27. Qxf6+ Kxf6 28. g4 Kg6 29. Kf1 h5 30. gxh5+ Kxh5 31. g4+ Kg6 32. Nf5 Kf6 33. Ke2 Kg6 34. Ne7+ Kh6 35. Ke3 Nd6 36. b3 Kg7 1/2-1/2

[Event "Alberta-ch U20 op"]
[Site "Calgary CAN"]
[Date "2013.11.09"]
[Round "2.3"]
[White "Wang, Jeff"]
[Black "Buan, Jazer"]
[Result "1-0"]
[WhiteElo "1470"]
[BlackElo "1363"]
[PlyCount "81"]
[GameId "2160767909216577"]
[EventDate "2013.11.09"]
[EventType "swiss"]
[EventRounds "5"]
[EventCountry "CAN"]
[SourceTitle "EXT 2022"]
[Source "ChessBase"]
[SourceDate "2021.10.06"]
[SourceVersion "1"]
[SourceVersionDate "2021.10.06"]
[SourceQuality "1"]

1. c4 e5 2. g3 Nf6 3. Bg2 d6 4. Nc3 Be7 5. e3 c6 6. Nge2 Be6 7. d3 d5 8. cxd5 cxd5 9. d4 e4 10. Qb3 Qd7 11. Nf4 b6 12. Nxe6 Qxe6 13. Bd2 Nc6 14. O-O O-O 15. Rac1 Qd6 16. Nb5 Qd7 17. Rc2 Rfc8 18. a4 a6 19. Nc3 Rc7 20. Ne2 Rac8 21. Rfc1 Na7 22. Bc3 a5 23. Nf4 Nc6 24. Bh3 Ng4 25. Nxd5 Rb7 26. Nxe7+ Nxe7 27. Qb5 Qe6 28. Qe2 f5 29. Bd2 Rxc2 30. Rxc2 Nd5 31. Rc4 Rc7 32. b3 Qc8 33. Rxc7 Qxc7 34. Bxg4 fxg4 35. Qxg4 Qc2 36. Qe6+ Kf8 37. Qxd5 Qxd2 38. Qxe4 Qd1+ 39. Kg2 Qxb3 40. Qc6 Qa3 41. d5 1-0

[Event "Alberta-ch U20 op"]
[Site "Calgary CAN"]
[Date "2013.11.09"]
[Round "2.4"]
[White "Mah, Sean"]
[Black "Koneru, Nimai"]
[Result "1-0"]
[WhiteElo "1514"]
[BlackElo "1247"]
[PlyCount "163"]
[GameId "2160767909216578"]
[EventDate "2013.11.09"]
[EventType "swiss"]
[EventRounds "5"]
[EventCountry "CAN"]
[SourceTitle "EXT 2022"]
[Source "ChessBase"]
[SourceDate "2021.10.06"]
[SourceVersion "1"]
[SourceVersionDate "2021.10.06"]
[SourceQuality "1"]

1. e4 c5 2. c3 d5 3. e5 Nc6 4. Bb5 a6 5. Bxc6+ bxc6 6. d4 cxd4 7. cxd4 Bf5 8. Nc3 e6 9. Nf3 Bb4 10. a3 Ba5 11. b4 Bb6 12. Na4 Ba7 13. Nc5 a5 14. Be3 axb4 15. axb4 Qb6 16. Bd2 f6 17. O-O fxe5 18. Nxe5 Nf6 19. f4 O-O 20. Ra6 Qb5 21. Rxc6 Bb8 22. Nxe6 Re8 23. Nc7 Bxc7 24. Rxc7 Qb6 25. Rc5 Ne4 26. Rxd5 Be6 27. Ra5 Qxd4+ 28. Kh1 Nf2+ 29. Rxf2 Qxf2 30. Nf3 Rad8 31. Re5 Kf7 32. Re2 Qb6 33. Ng5+ Kg6 34. Rxe6+ Rxe6 35. Qc2+ Kf6 36. Bc3+ Ke7 37. Nxe6 Qxe6 38. h3 Rc8 39. Qxh7 Rg8 40. Bxg7 Qf7 41. Qe4+ Kd8 42. Bf6+ Qxf6 43. Qa8+ Ke7 44. Qxg8 Qxf4 45. b5 Qf1+ 46. Kh2 Qxb5 47. Qg7+ Ke6 48. g4 Qe2+ 49. Kg3 Qe1+ 50. Kf4 Qd2+ 51. Ke4 Qc2+ 52. Ke3 Qb3+ 53. Kd2 Qd5+ 54. Kc2 Qc4+ 55. Kb2 Qb4+ 56. Kc2 Qe4+ 57. Kc3 Qc6+ 58. Kb4 Qb6+ 59. Kc4 Qc6+ 60. Kd3 Qd6+ 61. Ke4 Qd5+ 62. Ke3 Qb3+ 63. Kf4 Qb8+ 64. Kg5 Qd8+ 65. Kh5 Qd5+ 66. Qg5 Qb7 67. Kh6 Qb8 68. Kh7 Qc7+ 69. Qg7 Qh2 70. g5 Kf5 71. Qf6+ Ke4 72. Qh6 Qc7+ 73. Qg7 Qg3 74. Kh8 Qb8+ 75. Kh7 Qg3 76. g6 Qxh3+ 77. Qh6 Qd7+ 78. g7 Kd3 79. Qg6+ Kd2 80. Kh8 Qd8+ 81. Kh7 Qh4+ 82. Qh6+ 1-0

[Event "Alberta-ch U20 op"]
[Site "Calgary CAN"]
[Date "2013.11.09"]
[Round "3.1"]
[White "Wu, Chenxi"]
[Black "Bulga, Tamir"]
[Result "1/2-1/2"]
[WhiteElo "1741"]
[BlackElo "1598"]
[PlyCount "50"]
[GameId "2160767909216579"]
[EventDate "2013.11.09"]
[EventType "swiss"]
[EventRounds "5"]
[EventCountry "CAN"]
[SourceTitle "EXT 2022"]
[Source "ChessBase"]
[SourceDate "2021.10.06"]
[SourceVersion "1"]
[SourceVersionDate "2021.10.06"]
[SourceQuality "1"]

1. e4 e6 2. d4 d5 3. e5 c5 4. c3 Nc6 5. Nf3 Qb6 6. Be2 Nge7 7. dxc5 Qc7 8. Bb5 Ng6 9. O-O Bxc5 10. Re1 O-O 11. Qe2 Bd7 12. Bxc6 Bxc6 13. Nbd2 Nf4 14. Qf1 Qb6 15. c4 Bxf2+ 16. Qxf2 Qxf2+ 17. Kxf2 Nd3+ 18. Ke2 Nxe1 19. Kxe1 b5 20. Nd4 Bd7 21. cxb5 Rfc8 22. a4 Rab8 23. b3 a6 24. bxa6 Rb4 25. Bb2 Ra8 1/2-1/2

[Event "Alberta-ch U20 op"]
[Site "Calgary CAN"]
[Date "2013.11.09"]
[Round "3.2"]
[White "Tolentino, Andre Angelo"]
[Black "Wang, Jeff"]
[Result "1-0"]
[WhiteElo "1486"]
[BlackElo "1470"]
[PlyCount "99"]
[GameId "2160767909216580"]
[EventDate "2013.11.09"]
[EventType "swiss"]
[EventRounds "5"]
[EventCountry "CAN"]
[SourceTitle "EXT 2022"]
[Source "ChessBase"]
[SourceDate "2021.10.06"]
[SourceVersion "1"]
[SourceVersionDate "2021.10.06"]
[SourceQuality "1"]

1. d4 Nf6 2. Nf3 e6 3. Bg5 Be7 4. Nbd2 h6 5. Bh4 c5 6. e3 Nc6 7. c3 b6 8. Bd3 Bb7 9. O-O d6 10. e4 e5 11. d5 Nb8 12. Bb5+ Nbd7 13. Bxd7+ Qxd7 14. Qe2 g5 15. Bg3 Nh5 16. Rad1 Nf4 17. Qe3 g4 18. Nh4 Bg5 19. Qe1 Ba6 20. c4 Nd3 21. Qe2 Nxb2 22. Rc1 b5 23. Nf5 Bxd2 24. Qxd2 Nxc4 25. Qe2 h5 26. Bh4 f6 27. Bxf6 Rh7 28. f4 Rf7 29. fxe5 Nxe5 30. Bxe5 dxe5 31. Rxc5 Rc8 32. Rxc8+ Bxc8 33. Qxb5 Qxb5 34. Nd6+ Kd8 35. Nxb5 Rxf1+ 36. Kxf1 Ba6 37. a4 Bxb5+ 38. axb5 Kc7 39. Ke2 Kb6 40. d6 Kb7 41. Kd3 Kc8 42. Kc4 Kd7 43. Kd5 g3 44. hxg3 a5 45. bxa6 h4 46. gxh4 Kd8 47. a7 Kd7 48. g4 Kd8 49. a8=Q+ Kd7 50. Qb7+ 1-0